000 00624nam a2200181 i 4500
001 163826
003 ES-MaACL
005 20250801084122.0
008 931025s1871 sp |||| | spa d
100 1 _aRodriguez San Pedro, Joaquín.
_9131930
245 1 3 _aLa cuestión social en las Antillas españolas /
_cpor D. J.R.S.P.
260 _aMadrid :
_b[s.n.],
_c1871 (
_fImp. de Manuel Minuesa)
300 _a55 p. ;
_c21 cm.
650 4 _aEsclavitud-
_zCuba.
_9138905
650 4 _aEsclavitud-
_zPuerto Rico
_912363
852 _aES-MaACL
_jT-616-F-6
_z- Enc. hol.
_z- Enc. en un vol. facticio
999 _c163826
_d163826